Introducción al estudio de la filosofía

Na minha lista:
Detalhes bibliográficos
Autor principal: Gramsci, Antonio (Author)
Outros Autores: Candel, Miguel (traductor)
Formato: Livro
Idioma:espanhol
Publicado em: Barcelona Crítica 1985
Colecção:General, 145
Assuntos:
Tags: Adicionar Tag
Sem tags, seja o primeiro a adicionar uma tag!

MARC

LEADER 00000nam a2200000 a 4500
001 UCW8336
003 CL-VaPUC
005 20211118120348.0
008 880808e19850000SP |||||||||||||||||spa|d
999 |c 220737  |d 220735 
040 |c Pontificia Universidad Católica de Valparaíso 
082 0 4 |a 101  |b GRA  |2 21 
100 0 |a Gramsci, Antonio  |e author  |9 310178 
245 1 0 |a Introducción al estudio de la filosofía 
260 |a Barcelona  |b Crítica  |c 1985 
300 |a 218 p 
490 0 |a General, 145 
500 |a Corresponde al vol.11 de los cuadernos de Gramsci en la cárcel 
500 |a Incluye referencias de carácter histótico 
583 |a last modification  |c 19880808 00:00:00  |k Rodrigo Vera 
650 0 |a Filosofía italiana  |9 265241 
700 1 |a Candel, Miguel  |e traductor  |9 864702 
942 |c BK  |2 ddc 
945 |d 19880808 00:00:00 
952 |0 0  |1 0  |4 0  |6 101_000000000000000_GRA_1985  |7 0  |8 A  |9 213302  |a BIBEDU  |b BIBEDU  |d 2019-11-15  |i 2816768  |o 101 GRA 1985  |p 2816768  |r 2019-11-15  |w 2019-11-15  |y BK  |k FIL